La predicación frente a la incredulidad reprimida en el creyente (Registro nro. 69571)
[ vista simple ]
| 000 -LÍDER | |
|---|---|
| Campo fijo de descripción fija | 01318nab a2200217 i 4500 |
| 001 - NÚMERO DE CONTROL | |
| Campo de control | 768714001 |
| 003 - IDENTIFICADOR DEL NÚMERO DE CONTROL | |
| Campo de control | CO-MdFUSB |
| 005 - FECHA Y HORA DE LA ULTIMA TRANSACCIÓN | |
| control field | 20240508165046.0 |
| 008 - ELEMENTOS DE LONGITUD FIJA -- INFORMACIÓN GENERAL | |
| Campo fijo de descripción fija -- Información general | 240507t1967 sp ||||| |||| 00| 0 spa d |
| 040 ## - FUENTE DE CATALOGACIÓN | |
| Idioma de catalogación | spa |
| Agencia que realiza la transcripción | CO-MdFUSB |
| Agencia que realiza la modificación | CO-MdFUSB |
| 041 ## - CÓDIGO DE IDIOMA | |
| Código de idioma para texto/pista de sonido o título separado | spa |
| 100 ## - ASIENTO PRINCIPAL--NOMBRE PERSONAL | |
| Nombre personal | Matussek, Paul Ignaz, |
| Término relacionador | autor |
| 245 #3 - TÍTULO | |
| Título | La predicación frente a la incredulidad reprimida en el creyente |
| Mención de responsabilidad | / P. Matussek |
| 520 ## - NOTA DE RESUMEN, ETC. | |
| Nota de sumario, etc. | La incredulidad que surge en el umbral de una etapa en la evolución de la fe no es la única posibilidad que hace sentirse al creyente en la situación de suprimir lo que a él parece incredulidad. <br/>Por otra parte, el artículo aclara de antemano qué se entiende por "represión" en el oyente que cree. El término «represión», utilizado originariamente por Freud para designar ciertos mecanismos psíquicos claramente determinados, se aplica también hoy en campos distintos del que le dio su significado original, dando así lugar a no pocos malentendidos. |
| 650 #7 - ASIENTO SECUNDARIO DE MATERIA - TERMINO TEMÁTICO | |
| Término temático o nombre geográfico como elemento de entrada | Teología pastoral |
| 9 (RLIN) | 227 |
| 650 #0 - ASIENTO SECUNDARIO DE MATERIA - TERMINO TEMÁTICO | |
| Término temático o nombre geográfico como elemento de entrada | Predicación |
| 9 (RLIN) | 54 |
| 653 ## - TÉRMINO DE INDIZACIÓN - NO CONTROLADO | |
| Término no controlado | Incredulidad |
| 773 0# - ASIENTO DE ITEM FUENTE | |
| Biblionumber | 49450 |
| Itemnumber | 82583 |
| Otro identificador del ítem | R2513 |
| Título | Revista internacional de teología Concilium |
| Número de control del registro | (CO-MdFUSB)8 |
| Número Internacional Normalizado para Publicaciones Seriadas (ISSN) | 0210-1041 |
| Parte(s) relacionada(s) / Volumen., número. (mes año), páginas | Número 23, (marzo, 1967), páginas: 499 - 508 |
| Enumeración y primera página | página: 499 |
| 942 ## - TIPO DE MATERIAL (KOHA) | |
| Tipo de Item KOHA | Artículos de Revista |
| 945 ## - INFORMACIÓN LOCAL DEL REGISTRO | |
| Catalogador | Catherine Arias Alvarez - Practicante SENA |
No hay ítems disponibles.
